000 01597nam a2200397Ia 4500
001 ebr10135438
003 CaPaEBR
006 m u
007 cr cn|||||||||
008 041019s2005 nyu sb 001 0 eng d
010 _z 2004061669
015 _aGBA511632
_2bnb
020 _z1403979324
020 _z1403967601
040 _aCaPaEBR
_cCaPaEBR
035 _a(OCoLC)560462031
050 1 4 _aPR2045
_b.H58 2005eb
100 1 _aHodges, Kenneth L.
245 1 0 _aForging chivalric communities in Malory's Le morte Darthur
_h[electronic resource] /
_cKenneth L. Hodges.
260 _aNew York :
_bPalgrave Macmillan,
_c2005.
300 _a208 p.
490 1 _aStudies in Arthurian and courtly cultures
504 _aIncludes bibliographical references (p. [191]-202) and index.
533 _aElectronic reproduction.
_bPalo Alto, Calif. :
_cebrary,
_d2009.
_nAvailable via World Wide Web.
_nAccess may be limited to ebrary affiliated libraries.
600 1 0 _aMalory, Thomas,
_cSir,
_d15th cent.
_tMorte d'Arthur.
650 0 _aArthurian romances
_xHistory and criticism.
650 0 _aRomances, English
_xHistory and criticism.
650 0 _aKnights and knighthood in literature.
650 0 _aKings and rulers in literature.
650 0 _aCommunities in literature.
650 0 _aChivalry in literature.
655 7 _aElectronic books.
_2local
710 2 _aebrary, Inc.
830 0 _aStudies in Arthurian and courtly cultures.
856 4 0 _uhttp://site.ebrary.com/lib/rucke/Doc?id=10135438
_zAn electronic book accessible through the World Wide Web; click to view
999 _c187597
_d187597